000
00282nam a22001097a 4500
082
_a
669 BOL'W
100
_a
BOLDT, JOSEPH R
_9
80205
245
_a
THE WINING OF NICKEL ITS GEOLOGY MINING AND EXTRACTIVE METALLURGY
260
_a
LONDON
_b
METHUEN
_c
1967
300
_a
407P
942
_c
BK
999
_c
585168
_d
585168